| 000 | 00613 a2200193 4500 | ||
|---|---|---|---|
| 999 |
_c11353 _d11353 |
||
| 020 | _a9780743260879 | ||
| 050 |
_aHD 41 _bPOR 1998 |
||
| 100 |
_aPorter, Michael E _eauthor |
||
| 245 |
_aCompetitive Advantage : _bCreating and Sustaining Superior Performance / _c Michael E Porter |
||
| 264 |
_aNew York : _bFree Press, _c1998 |
||
| 300 |
_a557 pages _billustrations |
||
| 336 |
_2rdacontent _atext _btxt |
||
| 337 |
_2rdamedia _aunmediated _bn |
||
| 338 |
_2rdacarrier _avolume _bn |
||
| 500 | _aincludes index | ||
| 650 | _asuperior perfomance | ||
| 650 | _xcreating and sustaining | ||
| 942 |
_2lcc _cBK _h41 _iPOR _kHD |
||